000 00379pab a2200157 454500
008 180718b2015 xxu||||| |||| 00| 0 eng d
100 _aBijapurkar, Rama
245 _aIt's happening, lets keep at it
260 _c2015
300 _ap.36-40.
362 _aAug
650 _aSocial inequality - India
650 _aSocial inequality
773 _aSeminar
909 _a108896
999 _c108891
_d108891